Responses for show #1892 - Tuesday, November 24, 1992

Contestants

[<< previous game]

Jimmy Black, an engineer from West Warwick, Rhode Island

Mark Kristal, a professor originally from Paterson, New Jersey

Susan Hodges, a writer from Palmyra, New Jersey

[next game >>]

Jeopardy! Round responses

NATURE
HOBBIES
NURSERY RHYMES
NOTABLE NAMES
ITALIAN MENU
FILE UNDER "W"
(Alex: Which means that each response will begin with that letter of the alphabet.)
    $100 2
a bee

Mark
    $100 21
shortwave radio operation (ham radio)

Mark
    $100 26
Tom

Susan
    $100 6
Steinway

Jimmy
    $100 11
Brussels sprouts

Mark
    $100 1
the woof

Mark
    $200 3
a vampire

Mark
    $200 22
autographs

Jimmy
    $200 27
ran away

Susan
    $200 7
Sonja Henie

Mark
    $200 16
oysters

Mark
    $200 10
Worms

Susan
    $300 4
a blowhole

Mark
    $300 23
[NOTE: The actor's name is typically rendered "Dom DeLuise".]

magic tricks

Jimmy
    $300 28
pumpkin eater

Mark
    $300 9
Shirley Temple Black

Susan
    $300 18
black coffee

Mark
    $300 14
a worrywart

Susan
    $400 5
the husk

Susan
    $400 24
beer

Mark
    $400 29
Pop goes the weasel!

Susan
    $400 12
Jackie Kennedy

Mark
    $400 19
smoked salmon

Mark
    $400 15
a whistle blower

Jimmy
    $500 8
the sequoia

Mark
    $2,000 25
(Mark: What are menus?)

matchbooks

Mark
    $500 30
bread

Susan
    $500 13
Wallis

Mark
    $500 20
parsley, sage, rosemary & thyme

Susan
    $500 17
Johann Wyss

Triple Stumper

Scores at the first commercial break (after clue 15):

Susan Mark Jimmy
$1,200 $2,400 $500

Scores at the end of the Jeopardy! Round:

Susan Mark Jimmy
$2,900 $2,100 $1,000

Double Jeopardy! Round responses

MUSIC
INVENTORS HALL OF FAME
EXPLORERS
EUROPEAN CITIES
COURTROOM DRAMAS
LITERARY TERMS
    $200 1
(Sir Arthur) Sullivan

Mark
    $200 26
(Alex: The Inventors Hall of Fame was set up in 1973. That's why the inductions took place many years after the inventions.)

Henry Ford

Triple Stumper
    $200 19
Pizarro

Mark
    $200 8
London

Jimmy
    $200 10
Jodie Foster

Susan
    $200 2
a ghost story

Jimmy
    $400 3
the "Hallelujah" chorus

Jimmy
    $400 27
the cotton gin

Jimmy
    $400 20
Marquette

Mark
    $400 9
Gdansk

Susan
    $400 11
The Verdict

Susan
    $400 6
a legend

Jimmy
    $600 4
odes

Jimmy
    $600 28
photography

Mark
    $600 21
(Jimmy: Who is Hudson?)

Baffin

Jimmy
Triple Stumper
    $600 13
(Mark: What is Geneva?)

Zurich

MarkJimmy
    $600 12
Witness for the Prosecution

Jimmy
    $600 16
doggerel

Susan
    $800 5
lieder

Mark
    $800 29
(Enrico) Fermi

Mark
    $800 22
(Sir James Clark) Ross

Mark
    $800 14
Belfast

Mark
    $800 24
(Jimmy: What is Inherit the Wind?)

Anatomy of a Murder

Jimmy
Triple Stumper
    $800 17
Sturm und Drang

Susan
    $1000 7
the "Minute Waltz"

Jimmy
    $1000 30
William Burroughs

Triple Stumper
    $1000 23
Sir Richard Burton

Mark
    $1,000 15
(Mark: What is Parma?)

Padua

Mark
    $1,500 25
12 Angry Men

Mark
    $1000 18
picaresque

Jimmy

Scores at the end of the Double Jeopardy! Round:

Susan Mark Jimmy
$5,300 $7,600 $5,000

[wagering suggestions for these scores]

Final Jeopardy! Round responses

HISTORIC PAIRS
(Alex: This, I fear, was a toughie.)
...
(Alex: [To Susan] I guess it wasn't as tough as I thought!)
JimmyWho are Ferdinand & Isabella?
$3,500
SusanWho were Ferdinand . Isabella
$5,001
MarkWho were ?
$2,701
Ferdinand & Isabella

Final scores:

Susan Mark Jimmy
$10,301 $4,899 $8,500
New champion: $10,301 3rd place: Flexsteel sofa 2nd place: trip for 2 to Panama City, Florida

Game dynamics:

Coryat scores:

Susan Mark Jimmy
$5,300 $10,100 $5,000
14 R,
0 W
25 R
(including 1 DD),
3 W
(including 2 DDs)
14 R,
2 W

Combined Coryat: $20,400

The J! Archive is created by fans, for fans. Scraping, republication, monetization, and malicious use prohibited; this site may use cookies and collect identifying information. See terms. The Jeopardy! game show and all elements thereof, including but not limited to copyright and trademark thereto, are the property of Jeopardy Productions, Inc. and are protected under law. This website is not affiliated with, sponsored by, or operated by Jeopardy Productions, Inc. Join the discussion at JBoard.tv.